<?xml version="1.0" encoding="UTF-8"?>
<collection xmlns="http://www.loc.gov/MARC21/slim">
<record>
  <controlfield tag="001">5922</controlfield>
  <datafield tag="088" ind1=" " ind2=" ">
    <subfield code="a">4382</subfield>
  </datafield>
  <datafield tag="260" ind1=" " ind2=" ">
    <subfield code="c">1940</subfield>
  </datafield>
  <datafield tag="650" ind1="1" ind2="7">
    <subfield code="a">Dumond Collection</subfield>
  </datafield>
  <datafield tag="520" ind1=" " ind2=" ">
    <subfield code="a">Anita Lyons with Grandma in chair on Armistice Day, Nov. 11, 1940. 90 years before, Mrs. Lyons' ancestors established the town of Vacaville. Her given name was Maria Delores Vaca Pena. Attended by daughter, Anita Lyon.  Also see 4446</subfield>
  </datafield>
  <datafield tag="980" ind1=" " ind2=" ">
    <subfield code="a">43905848739</subfield>
  </datafield>
  <datafield tag="960" ind1=" " ind2=" ">
    <subfield code="a">hc</subfield>
  </datafield>
</record>
</collection>